000 00473nam a2200169 i 4500
001 54154
003 ES-MaACL
005 20230906162914.0
007 t|
008 031127s1876 xxu ||||1| eng d
100 1 _aField, David Dudley.
_950697
245 1 0 _aOutlines of an international code /
_cby David Dudley Field.
250 _a2d ed.
260 _aNew York :
_bBaker, Voorhis & comp.,
_c1876.
300 _a3 h., 45, 712 p. ;
_c24 cm.
852 _aES-MaACL
_jG-9995
999 _c54154
_d54154